Indonesian singer by songs - Statistics

General Stats
  • This quiz has been taken 174 times
    126 since last reset
  • The average score is 18 of 30
Answer Stats
Hint Answer % Correct
Hati hati di jalan,diri,tujuh belas,gajah Tulus
94%
Bertaut,sorai,kekal,rayuan perempuan gila Nadin amizah
93%
Sayonara crawl,rapsodi,fortune cookie yang mencinta Jkt48
91%
Malam malam ubud, gala bunga matahari,mencintaimu Sal priadi
89%
Bandung,dunia tipu tipu,cinta dan rahasia,tutur batin Yura yunita
87%
Separuh nafas,risalah hati,roman picisan Dewa19
82%
nina, peradaban, berita kehilangan feast
75%
rahasia hati, hapus aku, laskar pelangi nidji
75%
akad, untuk perempuan yang sedang di pelukan, resah payung teduh
74%
lantas, tampar, mawar jingga juicy luicy
73%
remaja, gadis sampul, pelangi hivi!
71%
satu bulan, kini mereka tahu, apa mungkin bernadya
69%
Matahari tenggelam,rumah ke rumah,jam makan siang Hindia
66%
Sial,melawan restu,bohongi hati Mahalini
66%
pandangan pertama, dekat di hati, selamat pagi ran
66%
Pesan terakhir,sang dewi,ego Lyodra
62%
Usai,cintanya aku,gemintang hatiku,merasa indah Tiara andini
61%
senja teduh pelita, pilihanku, kita bikin romantis maliq & d'essentials
58%
Usik,halu,kembali pulang,liar angin Feby putri
57%
High school in jakarta,lowkey,oceans and engines Niki zefanya
51%
Dermaga,takut,satu satu Idgitaf
48%
badai telah berlalu, Cinta sejati, aku dan dirimu bunga citra lestari
45%
Mewangi,pangeran kecil,sampai jadi debu,tini dan yanti Banda neira
37%
muak, ekspetasi, tunggulah sebentar aruma
30%
kau rumahku, lagi lagi, lagu cinta untuk mama raissa anggiani
28%
senja di ambang pilu, ada di sana, junko furuta danilla
26%
Cashmere,vaselina,bossy Ramengvrl
22%
antri yuk, santai, sebusur pelangi nonaria
19%
memulai kembali, labuan hati, sayonara monita tahalea
18%
kelam malam, pujaan hati, sacred heart the spouse
17%
No matching quizzes found
Score Distribution
Percent of People with Each Score
Percentile by Number Answered
Your Score History
You have not taken this quiz since the last reset